Problémy právnej úpravy konkurzu a vyrovnania a návrhy de lege ferenda
Charakteristika právnej úpravy konkurzu a vyrovnania. Podmienky vyhlásenia konkurzu. Neefektívnosť inštitútu dohodovania, problematika postavenia správcu konkurznej podstaty, odporovateľnosti právnych úkonov a prednostného uspokojenia daňového záložného práva. Potreba novelizácie právnej úpravy súdn...
Enregistré dans:
| Auteur principal: | |
|---|---|
| Format: | Chapitre de livre |
| Langue: | slovaque |
| Sujets: | |
| Tags: |
Pas de tags, Soyez le premier à ajouter un tag!
|
MARC
| LEADER | 00000naa a2200000 4500 | ||
|---|---|---|---|
| 001 | r030273 | ||
| 005 | 20230921125214.5 | ||
| 041 | 0 | |a slo | |
| 044 | |a SK | ||
| 245 | 1 | 0 | |a Problémy právnej úpravy konkurzu a vyrovnania a návrhy de lege ferenda |c Lipšic, D. |
| 520 | |a Charakteristika právnej úpravy konkurzu a vyrovnania. Podmienky vyhlásenia konkurzu. Neefektívnosť inštitútu dohodovania, problematika postavenia správcu konkurznej podstaty, odporovateľnosti právnych úkonov a prednostného uspokojenia daňového záložného práva. Potreba novelizácie právnej úpravy súdneho vyrovnania ako nelikvidačnej alternatívy konkurzu. Dôkaz na dispozitívnosť vyrovnacieho konania. Problémy aplikačnej praxe a návrhy de lege ferenda. | ||
| 610 | 2 | 0 | |a konkurzy |
| 610 | 2 | 0 | |a vyrovnanie |
| 610 | 2 | 0 | |a úpravy právne |
| 610 | 2 | 0 | |a právo |
| 610 | 2 | 0 | |a legislatíva |
| 610 | 2 | 0 | |a právo záložné |
| 100 | 1 | |a Lipšic, Daniel | |